000 00859nem a2200229 u 4500
005 20200104041744.0
008 160516b2008 c ||||| |a|| 00| 0 spa d
040 _aCO-BoIAVH
_cCO-BoIAVH
041 _aspa
044 _ack
090 _aMC-
_b0227
110 2 _aInstituto de Investigación de Recursos Biológicos Alexander von Humboldt.
_9204
245 1 _aSubregiones del departamento de Córdoba :
_h[Material Cartografico]
255 _a1:500.000
260 _aBogotá :
_bInstituto de Investigación de Recursos Biológicos Alexander von Humboldt ,
_c2008.
300 _a1 mapa :
_bcolor. ;
_c70 x 53 cm
650 1 6 _aHidrografía
_zSinú ( Colombia)
_968279
650 1 6 _aInfraestructura
_zSinú ( Colombia)
_968280
650 1 6 _a Recursos de la tierra
_zSinú ( Colombia)
_968281
650 1 6 _aGeografía
_zSinú ( Colombia)
_968282
942 _2z
_cMapa
999 _c18571
_d18571